| 000 | 00738nam a22002177a 4500 | ||
|---|---|---|---|
| 005 | 20180226103252.0 | ||
| 010 | _aENG-112602 | ||
| 020 |
_a9789325974203 _c150.00 |
||
| 020 |
_a9789325976092 _c215.00 (AV) |
||
| 035 | _aEN-96134 | ||
| 035 | _aB-664864 | ||
| 037 | _bDBAD/PUB | ||
| 082 | _a158.1 | ||
| 100 | _aVerma, Shalini | ||
| 245 | 0 | 0 |
_aDevelopment of life skills and professional practice / _cby Shalini Verma |
| 260 |
_aNew Delhi _bVikas Publishing House _c2014 |
||
| 270 |
_aE-28, Sector-8, Noida _bNew Delhi _e201301 |
||
| 300 |
_axvi,203p.: _c24cm(pbk) _bill. |
||
| 942 |
_2ddc _cEN _mVER _h158.1 |
||
| 999 |
_c92778 _d92778 |
||